|
|
|
|
| LEADER |
00000nab a2200000 a 4500 |
| 001 |
vtls000090209 |
| 003 |
SK-MaSNL |
| 005 |
20260303032233.0 |
| 008 |
111103c1981 xo 0 slo |
| 015 |
|
|
|a SNBRB19rr/mm-uuuuu
|
| 035 |
|
|
|a CL0100312
|
| 040 |
|
|
|a SNKBUCL
|b slo
|c SNKBUCL
|e AACR2
|
| 041 |
0 |
|
|a slo
|
| 044 |
|
|
|a xo
|c SK
|
| 080 |
|
|
|a 621.6
|2 1981
|
| 080 |
|
|
|a 621.22
|2 1981
|
| 100 |
1 |
|
|a Mancovič, Milan
|4 aut
|9 786126
|
| 245 |
1 |
0 |
|a Výsledky zo skúšok servoriadenia DANFOSS
|c Milan Mancovič, Ľubomír Macko
|
| 300 |
|
|
|b Obr. 9. Tb. 2.
|
| 650 |
0 |
7 |
|a servoriadenie hydraulické
|2 snkbucl
|9 956889
|
| 655 |
|
7 |
|a články z novín a časopisov
|2 snkbucl
|9 267496
|
| 700 |
1 |
|
|a Macko, Ľubomír
|4 aut
|9 522890
|
| 773 |
0 |
|
|t Hydraulika
|g Roč. 7, č. 3-4 (1981), s. 11-17
|
| 850 |
|
|
|a Slovenská národná knižnica v Martine
|a MTA001
|
| 852 |
|
|
|a SNK
|b KIS3GCP
|
| 958 |
|
|
|a RK
|
| 992 |
|
|
|a RBX
|
| 999 |
|
|
|c 1663151
|d 1665081
|